[Event "Poronin Tatra Limba op-B"]
[Site "Poronin"]
[Date "2021.05.23"]
[Round "2.25"]
[White "Bajer, Jakub"]
[Black "Zabrzanski, Marcin"]
[Result "1-0"]
[WhiteElo "1290"]
[BlackElo "1079"]
[PlyCount "63"]
[EventDate "2021.05.22"]
[EventType "swiss"]
[EventRounds "9"]
[EventCountry "POL"]
[SourceTitle "EXT 2022"]
[Source "ChessBase"]
[SourceDate "2021.10.06"]
[SourceVersion "1"]
[SourceVersionDate "2021.10.06"]
[SourceQuality "1"]

1. e4 e5 2. Nf3 Nc6 3. Bb5 a6 4. Ba4 Bc5 5. 0-0 d6 6. c3 Ba7 7. h3 Nf6 8. Re1 0-0 9. d4 exd4 10. cxd4 d5 11. e5 Ne4 12. Bc2 Bf5 13. Nc3 Nxc3 14. bxc3 Bxc2 15. Qxc2 f6 16. Rb1 b5 17. a4 bxa4 18. Qxa4 Qd7 19. e6 Qd6 20. Ba3 Qd8 21. Bxf8 Qxf8 22. Qxc6 Rc8 23. Qxd5 Kh8 24. e7 Qe8 25. Rb7 Bb6 26. Qe6 Ra8 27. Nh4 h6 28. Ng6+ Kh7 29. Nf8+ Kh8 30. Qf5 Qxf8 31. exf8Q+ Rxf8 32. Qg6 1-0